000 00856nam a2200217 i 4500
001 80094
003 ES-MaACL
005 20250826073736.0
007 t|
008 041026s1930 sp |||| | spa d
100 1 _aHirsch, Max.
_963809
245 1 0 _aDemocracia contra socialismo
_b: examen crítico del socialismo como remedio de las injusticias sociales y exposición de la doctrina del impacto único /
_cpor Max Hirsch ; traducción y prólogo de Baldomero Argente.
260 _aMadrid :
_bReus,
_c1930.
300 _a457 p. ;
_c20 cm.
490 1 _aBiblioteca sociológica de autores españoles y extranjeros
650 0 7 _aSocialismo
_2embne
_917147
700 1 _aArgente, Baldomero,
_d1877-1965
_922691
830 0 0 _aBiblioteca sociológica de autores españoles y extranjeros
_9184525
852 _aES-MaACL
_jA-1259
999 _c80094
_d80094